[Event "1/64 Finale"]
[Site "www.chess-mail.com"]
[Date "2018.03.13"]
[Round "1"]
[White "Cereus"]
[Black "Attatroll"]
[WhiteElo "2189"]
[BlackElo "1960"]
[Result "1-0"]
[Round "1"]
1.e4 d6
2.d4 Ng8f6
3.Nb1c3 g6
4.Ng1f3 Bf8g7
5.Bf1e2 O-O
6.O-O Nb8c6
7.d5 Nc6e5
8.Nf3xe5 dxe5
9.Bc1g5 a6
10.Rf1e1 b5
11.Qd1d3 Bc8b7
12.Ra1d1 Qd8d6
13.a3 c5
14.b3 h6
15.Bg5e3 Ra8d8
16.Nc3b1 Rd8c8
17.c4 Qd6d7
18.Nb1c3 b4
19.axb4 cxb4
20.Nc3a4 e6
21.Na4b6 Qd7d6
22.Nb6xc8 Rf8xc8
23.c5 Qd6d8
24.c6 Bb7a8
25.Qd3xa6 Nf6xe4
26.dxe6 Qd8c7
27.exf7 Kf8
28.Be2g4 Rc8b8
29.Be3a7 Rb8d8
30.Rd1xd8 Qc7xd8
31.Re1xe4 h5
32.Qa6c4 hxg4
33.Ba7c5 Qd8e7
34.c7 Bg7f6
35.Bc5xe7 Kxe7
36.c8Q { resign }
1-0

[Event "1/128 Finale"]
[Site "www.chess-mail.com"]
[Date "2018.03.13"]
[Round "1"]
[White "Replay"]
[Black "Reda"]
[WhiteElo "1499"]
[BlackElo "1499"]
[Result "0-1"]
[Round "1"]
1.e4 e5
2.Nb1c3 Bf8c5
3.Ng1f3 Nb8c6
4.Bf1b5 f6
5.O-O Ng8e7
6.Qd1e2 d6
7.Nc3d5 a6
 { time }
0-1

[Event "Tourn. n9685"]
[Site "www.chess-mail.com"]
[Date "2018.03.15"]
[Round "1"]
[White "Passaroa25"]
[Black "Begory"]
[WhiteElo "1670"]
[BlackElo "1580"]
[Result "1-0"]
[Round "1"]
1.Nb1c3 d5
2.Ng1f3 Nb8c6
3.e3 Bc8f5
4.d3 Bf5g4
5.Bf1e2 Ng8f6
6.d4 e6
7.O-O Bf8b4
8.a3 Bb4xc3
9.bxc3 O-O
10.Bc1d2 Rf8e8
11.h3 Bg4xf3
12.Be2xf3 e5
13.Qd1b1 e4
14.Bf3e2 Ra8b8
15.Be2b5 Qd8d6
16.Qb1b3 a6
17.Bb5e2 b5
18.Rf1b1 Nc6a5
19.Qb3b4 Qd6xb4
20.axb4 Na5c6
21.Ra1xa6 Nc6e7
22.f3 Ne7g6
23.Ra6c6 Rb8c8
24.Be2xb5 Re8e6
25.f4 Re6xc6
26.Bb5xc6 Rc8a8
27.Bc6xa8 h6
28.g3 Ng6e7
29.g4 Ne7c8
30.Ba8b7 Nc8b6
31.Bb7a6 Kf8
32.Ba6b7 Nb6c4
33.Bd2c1  { time }
1-0

[Event "Tourn. n9685"]
[Site "www.chess-mail.com"]
[Date "2018.03.15"]
[Round "1"]
[White "Pachi"]
[Black "Passaroa25"]
[WhiteElo "1640"]
[BlackElo "1670"]
[Result "1/2-1/2"]
[Round "1"]
1.e4 Nb8c6
2.Bf1b5 Ng8f6
3.Bb5xc6 dxc6
4.g3 Nf6xe4
5.Qd1e2 Ne4f6
6.Ng1f3 Bc8d7
7.b3 e6
8.Bc1b2 Bf8e7
9.g4 Nf6xg4
10.Nf3e5 Ng4xe5
11.Bb2xe5 f6
12.Be5c3 Be7d6
13.Qe2h5 g6
14.Qh5f3 O-O
15.O-O Qd8e7
16.d4 f5
17.Nb1d2 b5
18.Bc3a5 a6
19.c4 Bd6b4
20.Ba5xb4 Qe7xb4
21.Rf1d1 Qb4e7
22.d5 exd5
23.cxd5 Qe7g5
24.Kf1 c5
25.a4 b4
26.Nd2c4 Ra8d8
27.d6 c6
28.Nc4a5 Rd8c8
29.Na5c4 Bd7e6
30.d7 Rc8d8
31.Qf3xc6 { draw }
1/2-1/2

[Event "Tourn. n9701"]
[Site "www.chess-mail.com"]
[Date "2018.03.15"]
[Round "1"]
[White "Llcervello"]
[Black "Pachi"]
[WhiteElo "1630"]
[BlackElo "1640"]
[Result "0-1"]
[Round "1"]
1.d4 d5
2.Ng1f3 Bc8g4
3.Qd1d3 Bg4xf3
4.Qd3xf3 Ng8f6
5.e3 e6
6.c4 Nb8c6
7.c5 Nc6b4
8.Nb1a3 b6
9.Na3b5 Nb4c2
10.Kd2 Nc2xa1
11.Bf1d3 bxc5
12.dxc5 Bf8xc5
13.Qf3g3 O-O
14.Nb5xc7 Ra8c8
15.Nc7b5 Qd8a5
16.Nb5c3 d4
17.Rh1e1 dxc3
18.bxc3 Bc5a3
19.Ke2 Rc8xc3
20.Bc1d2 Ba3b2
21.Bd3b1 Qa5b5
22.Kf3 Qb5d5
23.Ke2 Qd5c4
24.Kf3 Rc3a3
25.Qg3f4 Qc4xf4
26.Kxf4 Bb2c3
27.Bd2xc3 Ra3xc3
28.g4 Rf8c8
29.f3 Rc3c1
30.Re1xc1 Rc8xc1
 { time }
0-1

[Event "Tourn. n9752"]
[Site "www.chess-mail.com"]
[Date "2018.03.15"]
[Round "1"]
[White "Malbertan"]
[Black "Bojan"]
[WhiteElo "1970"]
[BlackElo "1850"]
[Result "1-0"]
[Round "1"]
1.e4 c5
2.Ng1f3 b6
3.d4 Bc8b7
4.dxc5 Bb7xe4
5.Nb1c3 Be4f5
6.Qd1d5 bxc5
7.Qd5xa8 Bf5xc2
8.Qa8xa7 e6
9.Bc1e3 Qd8c8
10.Bf1c4 Nb8c6
11.Qa7a6 Qc8b8
12.O-O Ng8f6
13.Ra1c1 Bc2g6
14.Qa6b5 Qb8a7
15.Nc3a4 Nf6e4
16.b4 Nc6xb4
17.Qb5xb4 Bf8e7
18.Qb4b5 O-O
19.Nf3e5 Rf8d8
20.Bc4b3 d6
21.Ne5c6 Qa7c7
22.Nc6xe7 Qc7xe7
23.Bb3c2 Ne4f6
24.Bc2xg6 fxg6
25.Rf1e1 Nf6d5
26.Na4c3 Nd5c7
27.Qb5b7 c4
28.Nc3b5 Rd8d7
29.Qb7b8 Kf7
30.Nb5xc7 Rd7xc7
31.Qb8b4 Qe7d7
32.Rc1xc4 Rc7b7
33.Qb4c3 e5
34.Re1c1 Kf6
35.Rc4c7 { resign }
1-0

[Event "Tourn. n9615"]
[Site "www.chess-mail.com"]
[Date "2018.03.15"]
[Round "1"]
[White "Numanoid"]
[Black "Pdebonis"]
[WhiteElo "2390"]
[BlackElo "2700"]
[Result "1/2-1/2"]
[Round "1"]
1.d4 Ng8f6
2.Bc1g5 Nf6e4
3.Bg5h4 g5
4.f3 gxh4
5.fxe4 c5
6.e3 Bf8h6
7.Qd1d3 Nb8c6
8.Ng1f3 Qd8b6
9.Nb1a3 Qb6xb2
10.Ra1b1 Qb2xa2
11.Qd3c3 cxd4
12.exd4 Qa2e6
13.d5 Qe6xe4
14.Kf2 O-O
15.dxc6 Bh6g7
16.Rb1e1 Qe4xc6
17.Qc3xc6 dxc6
18.Re1xe7 Bg7f6
19.Re7e3 a5
20.Bf1e2 a4
21.c3 Rf8d8
22.Nf3d4 Ra8a5
23.Rh1d1 Ra5d5
24.Na3c4 Rd5c5
25.Re3f3 Bf6g7
26.Nc4b6 Bc8g4
27.Rf3d3 Rc5xc3
28.Rd3xc3 Bg7xd4
29.Rd1xd4 Rd8xd4
30.Be2xg4 Rd4xg4
31.Rc3a3 Rg4b4
32.Nb6xa4 b5
33.Na4c5 Rb4c4
34.Nc5d3 Rc4c2
35.Kf3 h3
36.gxh3 c5
37.Ra3a8 { draw }
1/2-1/2

[Event "Tourn. n9704"]
[Site "www.chess-mail.com"]
[Date "2018.03.15"]
[Round "1"]
[White "Redapond1"]
[Black "Julian"]
[WhiteElo "1860"]
[BlackElo "1800"]
[Result "0-1"]
[Round "1"]
1.d4 d5
2.c4 e6
3.cxd5 exd5
4.Nb1c3 Ng8f6
5.Bc1g5 Bf8e7
6.e3 O-O
7.Ng1f3 Bc8g4
8.Bf1e2 Nb8d7
9.O-O c6
10.h3 Bg4f5
11.Be2d3 Bf5xd3
12.Qd1xd3 Rf8e8
13.Ra1b1 Nf6e4
14.Bg5xe7 Qd8xe7
15.Rf1e1 Ne4xc3
16.Qd3xc3 Nd7f6
17.b4 Nf6e4
18.Qc3c2 Ra8c8
19.a4 g5
20.Nf3d2 f5
 { time }
0-1

[Event "Tourn. n9687"]
[Site "www.chess-mail.com"]
[Date "2018.03.15"]
[Round "1"]
[White "Louis"]
[Black "Sahlapalat"]
[WhiteElo "1980"]
[BlackElo "2090"]
[Result "1-0"]
[Round "1"]
1.d4 Ng8f6
2.c4 g6
3.Nb1c3 d5
4.cxd5 Nf6xd5
5.e4 Nd5xc3
6.bxc3 Bf8g7
7.Ng1f3 c5
8.Bc1e3 O-O
9.Bf1e2 Nb8c6
10.O-O cxd4
11.cxd4 Bc8g4
12.d5 Nc6a5
13.Ra1c1 a6
14.Nf3d4 Bg4xe2
15.Qd1xe2 Qd8d7
16.Qe2d2 b6
17.Qd2b4 Ra8b8
18.Nd4c6 Na5xc6
19.dxc6 Qd7c7
20.Rf1d1 Bg7e5
21.Rd1d7 Be5xh2
22.Kh1 Bh2d6
23.Qb4d2 Qc7c8
24.Qd2c3 b5
25.Be3h6 Rf8e8
26.Qc3g7 { resign }
1-0

[Event "Tourn. n9743"]
[Site "www.chess-mail.com"]
[Date "2018.03.15"]
[Round "1"]
[White "Muderfuger"]
[Black "Maj16"]
[WhiteElo "1570"]
[BlackElo "1659"]
[Result "0-1"]
[Round "1"]
1.e4 c5
2.Qd1g4 Nb8c6
3.Bf1c4 d5
4.exd5 Bc8xg4
5.dxc6 bxc6
6.h3 Bg4f5
7.Ng1f3 e6
8.g4 Bf5g6
 { time }
0-1

[Event "Tourn. n9729"]
[Site "www.chess-mail.com"]
[Date "2018.03.15"]
[Round "1"]
[White "Cal"]
[Black "Begory"]
[WhiteElo "1510"]
[BlackElo "1510"]
[Result "1-0"]
[Round "1"]
1.c4 d5
2.cxd5 Qd8xd5
3.Nb1c3 Qd5d8
4.d3 Ng8f6
5.h3 e5
6.e4 Bf8c5
7.a3 O-O
8.Bc1g5 Bc5d4
9.Bg5xf6 Qd8xf6
10.Ng1f3 Nb8c6
11.Nc3d5 Qf6d8
12.Ra1b1 Bc8e6
13.Bf1e2 Be6xd5
14.O-O Bd5e6
15.b4 Qd8f6
16.b5 Nc6e7
17.a4 Ra8d8
18.Nf3h2 Qf6g6
19.Kh1  { time }
1-0

[Event "Tourn. n9699"]
[Site "www.chess-mail.com"]
[Date "2018.03.15"]
[Round "1"]
[White "Iko"]
[Black "Begory"]
[WhiteElo "1640"]
[BlackElo "1590"]
[Result "1-0"]
[Round "1"]
1.e4 e5
2.Ng1f3 Nb8c6
3.Bf1b5 d6
4.Bb5xc6 bxc6
5.O-O Bc8b7
6.Qd1e2 Ng8f6
7.d4 exd4
8.Nf3xd4 c5
9.Qe2b5 Nf6d7
10.Qb5xb7 cxd4
11.Qb7d5 Nd7b6
12.Qd5xd4 Qd8f6
13.Qd4xf6 gxf6
14.Bc1e3 O-O-O
15.Be3xb6 axb6
16.Nb1c3 Rh8g8
17.Ra1d1 Bf8g7
18.Rd1d3 Rg8e8
19.Rf1e1 f5
20.f3 Bg7xc3
21.Rd3xc3 fxe4
22.Re1xe4 Re8g8
23.Re4a4 Rd8e8
24.Ra4a8 Kd7
25.Ra8xe8 Rg8xe8
26.Kf2 Re8a8
27.a3 c5
28.h4 Ra8e8
29.b4 cxb4
30.axb4 Re8e5
31.g4 Re5b5
32.Rc3c4 Rb5d5
33.f4 b5
34.Rc4e4 Rd5d2
35.Re4e2 Rd2d4
36.c3 Rd4xf4
37.Kg3 Rf4c4
38.Re2b2 Rc4xc3
39.Kf4 Rc3c4
40.Kf5 Ke7
41.g5 Rc4xh4
42.Rb2e2 Kf8
43.Kf6 Rh4xb4
44.Re2h2 Kg8
45.Ke7 d5
46.Kf6 Rb4e4
47.Rh2f2 b4
48.Rf2d2 Re4e6
49.Kf5 Kg7
50.Rd2xd5 Re6b6
51.Ke4 b3
52.g6 hxg6
53.Rd5d1 b2
54.Rd1b1 f5
55.Kd3 g5
56.Kc2 f4
57.Kd2 Kf6
58.Kc2 g4
59.Rb1xb2 Rb6xb2
60.Kxb2 g3
61.Kc2 g2
62.Kd3 g1Q
63.Ke4 Qg1e3
64.Kd5 f3
65.Kc4 f2
66.Kb4 Qe3c1
67.Kb3  { time }
1-0

[Event "Tourn. n9715"]
[Site "www.chess-mail.com"]
[Date "2018.03.15"]
[Round "1"]
[White "Julian"]
[Black "Begory"]
[WhiteElo "1800"]
[BlackElo "1630"]
[Result "1-0"]
[Round "1"]
1.e4 e5
2.Ng1f3 Nb8c6
3.Bf1b5 f6
4.d4 exd4
5.Nf3xd4 Nc6xd4
6.Qd1xd4 c6
7.Bb5e2 d5
8.exd5 Qd8xd5
9.Qd4f4 Qd5xg2
10.Be2f3 Qg2g5
11.Qf4c7 Qg5e5
12.Qc7xe5 fxe5
13.Bc1g5 h6
14.Bg5e3 Bc8f5
15.Nb1c3 Bf5xc2
16.Kd2 Bc2f5
17.Ra1d1 O-O-O
18.Ke2 Bf8b4
19.Nc3e4 Bf5xe4
20.Bf3xe4 a6
21.Rd1xd8 Kxd8
22.Rh1d1 Ke8
23.Be4g6  { time }
1-0

[Event "Tourn. n9689"]
[Site "www.chess-mail.com"]
[Date "2018.03.15"]
[Round "1"]
[White "Sahlapalat"]
[Black "Fantomas"]
[WhiteElo "2090"]
[BlackElo "2220"]
[Result "1-0"]
[Round "1"]
1.d4 d5
2.c4 dxc4
3.Ng1f3 Ng8f6
4.e3 Bc8g4
5.Bf1xc4 e6
6.O-O Bf8d6
7.Nb1c3 c6
8.Bc4e2 Qd8c7
9.h3 Bg4h5
10.Bc1d2 Nb8d7
11.Ra1c1 a6
12.e4 Bd6f4
13.Rf1e1 Bf4xd2
14.Qd1xd2 h6
15.d5 O-O
16.dxc6 bxc6
17.Qd2e3 Bh5g6
18.Nf3d4 Rf8c8
19.Be2f3 Nd7e5
20.b3 Ne5xf3
21.Nd4xf3 Qc7a5
22.Nf3d2 Rc8c7
23.Nd2c4 Qa5b4
24.Re1d1 Nf6d7
25.f4 Bg6h7
26.Rd1d6 Qb4c5
27.Kf2 Qc5xe3
28.Kxe3 Kf8
29.Rc1d1 Ke7
30.Nc4a5 Ra8c8
31.Nc3e2 Nd7c5
32.e5 Bh7e4
33.g4 Be4d5
34.Ne2c3 Bd5g2
35.h4 Nc5b7
36.Na5xb7 Rc7xb7
37.Nc3e4 Rb7b4
38.Rd6d7 Ke8
39.Ne4c5 Rc8a8
40.Nc5xa6 Rb4b8
41.Na6xb8 Ra8xb8
42.f5 exf5
43.gxf5 Bg2d5
44.Rd7a7 Rb8b4
45.Rd1d4 Rb4b8
46.b4 Kf8
47.a4 { resign }
1-0

[Event "Tourn. n9759"]
[Site "www.chess-mail.com"]
[Date "2018.03.15"]
[Round "1"]
[White "Apdash"]
[Black "Sefj"]
[WhiteElo "2210"]
[BlackElo "2190"]
[Result "1-0"]
[Round "1"]
1.e4 g5
2.d4 e6
3.e5 a6
4.Bf1d3 c5
5.c3 cxd4
6.cxd4 h6
7.Qd1h5 Qd8e7
8.Ng1h3 Bf8g7
9.Nb1c3 Nb8c6
10.Nc3e4 Nc6xd4
11.Ne4d6 Kf8
12.Bc1e3 Nd4f5
13.Bd3xf5 exf5
14.Nd6xf5 Qe7xe5
15.Nf5xg7 Qe5xg7
16.Be3c5 Ng8e7
17.O-O-O Qg7f6
18.Rd1d6 Qf6e5
19.Bc5a3 b5
20.Rd6xh6 Rh8xh6
21.Qh5xh6 Ke8
22.Ba3b4 Bc8b7
23.Rh1e1 Ra8c8
24.Kd1 Qe5d4
25.Bb4d2 Bb7xg2
26.Nh3xg5 Qd4xb2
27.Qh6h7 Qb2a1
28.Ke2 Qa1f6
29.f4 Qf6d4
30.Qh7xf7 Kd8
31.Bd2a5 { resign }
1-0

[Event "Tourn. n9676"]
[Site "www.chess-mail.com"]
[Date "2018.03.15"]
[Round "1"]
[White "Jjmcbride"]
[Black "Pachi"]
[WhiteElo "1630"]
[BlackElo "1610"]
[Result "0-1"]
[Round "1"]
1.e4 e5
2.b3 d5
3.d4 Nb8c6
4.c3 exd4
5.Bf1b5 dxe4
6.cxd4 Bf8b4
7.Kf1 Bc8d7
8.d5 Nc6a5
9.Qd1e2 f5
10.Ng1f3 Ng8f6
11.Nf3e5 c6
12.Bb5d3 cxd5
13.Ne5xd7 Qd8xd7
14.Bd3b5 Na5c6
15.f3 O-O
16.a3 Bb4c5
17.b4 Bc5d4
18.Ra1a2 a5
19.Bc1e3 Qd7d6
20.Bb5xc6 Qd6xc6
21.Be3xd4 Qc6c1
22.Qe2e1 Qc1c4
23.Qe1e2 Qc4xd4
24.Ra2d2 Qd4e5
25.Kf2 axb4
26.Qe2e3 d4
27.Rd2xd4 bxa3
28.Qe3b3 Kh8
29.Qb3e3 a2
30.Nb1a3 b5
31.Na3c2 Rf8c8
32.Qe3d2 h6
33.Rh1d1 g5
 { time }
0-1

[Event "Tourn. n9746"]
[Site "www.chess-mail.com"]
[Date "2018.03.15"]
[Round "1"]
[White "Fegatux"]
[Black "Azulmarino"]
[WhiteElo "1499"]
[BlackElo "1610"]
[Result "1-0"]
[Round "1"]
1.d4 d5
2.c4 Ng8f6
3.Nb1c3 Nb8c6
4.cxd5 Nf6xd5
5.e4 Nd5xc3
6.bxc3 e6
7.Bf1b5 Bc8d7
8.Ng1f3 Qd8f6
9.O-O a6
10.Bb5d3 Nc6e7
11.e5 Qf6xf3
12.Qd1xf3 Bd7c6
13.Qf3h3 Bc6d7
14.Ra1b1 f6
15.Rb1xb7 Kd8
16.exf6 e5
17.fxe7 Bf8xe7
18.Qh3f3 { resign }
1-0

[Event "Tourn. n9620"]
[Site "www.chess-mail.com"]
[Date "2018.03.15"]
[Round "1"]
[White "Numanoid"]
[Black "Pdebonis"]
[WhiteElo "2380"]
[BlackElo "2700"]
[Result "0-1"]
[Round "1"]
1.d4 Ng8f6
2.Bc1g5 Nf6e4
3.Bg5h4 c5
4.f3 g5
5.fxe4 gxh4
6.e3 Bf8h6
7.Qd1d3 cxd4
8.exd4 Qd8b6
9.Nb1a3 Qb6b4
10.Kf2 Nb8c6
11.Ng1f3 Bh6g7
12.Na3b5 Qb4a5
13.Bf1e2 O-O
14.c3 a6
15.Nb5a3 Qa5d8
16.Na3c4 d6
17.Rh1f1 b5
18.Nc4e3 e5
19.Kg1 h3
20.g3 a5
21.Ne3f5 Bc8xf5
22.exf5 b4
23.f6 Qd8xf6
24.Nf3h4 Qf6d8
25.Be2g4 bxc3
26.Qd3xc3 Nc6xd4
27.Kh1 e4
28.Bg4xh3 Ra8b8
29.Ra1b1 Qd8g5
30.b3 Rb8b5
31.Qc3e1 f5
32.Rb1c1 Kh8
{ resign }
0-1

[Event "Tourn. n9715"]
[Site "www.chess-mail.com"]
[Date "2018.03.15"]
[Round "1"]
[White "Begory"]
[Black "Dussek"]
[WhiteElo "1630"]
[BlackElo "1780"]
[Result "0-1"]
[Round "1"]
1.d4 d5
2.c4 Nb8c6
3.e3 Bc8f5
4.a3 e6
5.cxd5 exd5
6.Ng1f3 Ng8f6
7.Bf1d3 Bf5g4
8.O-O Bf8d6
9.h3 Bg4e6
10.Bd3b5 O-O
11.Bb5xc6 bxc6
12.Qd1a4 Be6d7
13.Qa4a5 Nf6e4
14.Nf3d2 Ne4xd2
15.Bc1xd2 Qd8b8
16.Bd2c3 Qb8b6
17.Nb1d2 Qb6xa5
18.Bc3xa5 Ra8b8
19.Ra1b1 Rb8b5
20.Ba5c3 a5
21.a4 Rb5b8
22.Bc3xa5 Rb8a8
23.b4 Rf8b8
24.e4 f6
25.exd5 cxd5
26.Rf1c1 c6
27.Nd2b3 Bd6xb4
28.Ba5xb4 Rb8xb4
29.a5 Ra8b8
30.Rc1c3 Bd7f5
31.a6 Bf5xb1
32.Nb3d2 Bb1f5
33.Rc3xc6 Rb4xd4
34.Nd2f3 Rd4a4
 { time }
0-1

[Event "Tourn. n9719"]
[Site "www.chess-mail.com"]
[Date "2018.03.15"]
[Round "1"]
[White "Begory"]
[Black "Picifarkinca"]
[WhiteElo "1600"]
[BlackElo "1660"]
[Result "0-1"]
[Round "1"]
1.d4 d5
2.c4 dxc4
3.Qd1a4 c6
4.Qa4xc4 Qd8d5
5.Qc4xd5 cxd5
6.Bc1f4 Nb8c6
7.Nb1c3 Bc8e6
8.Nc3b5 Kd7
9.Ng1f3 f6
10.e3 g5
11.Bf4g3 Ra8c8
12.Bf1d3 h5
13.h4 g4
14.O-O gxf3
15.gxf3 Be6h3
 { time }
0-1

[Event "Tourn. n9710"]
[Site "www.chess-mail.com"]
[Date "2018.03.15"]
[Round "1"]
[White "Cal"]
[Black "Picifarkinca"]
[WhiteElo "1530"]
[BlackElo "1640"]
[Result "0-1"]
[Round "1"]
1.d4 d5
2.h3 Ng8f6
3.Ng1f3 c6
4.Nb1c3 e6
5.a3 Bf8d6
6.e3 O-O
7.b4 Bc8d7
8.Bf1d3 Qd8c7
9.Nc3e2 e5
10.O-O e4
11.Bd3xe4 dxe4
12.Nf3g5 Bd7f5
13.c4 Qc7e7
14.f4 h6
15.Ne2g3 Bf5c8
16.c5 Bd6c7
17.Ng5xe4 Nf6xe4
18.Ng3h5 g6
19.Bc1b2 Kh7
20.Qd1c2 gxh5
21.Qc2d3 Bc8f5
22.Qd3c4 Rf8g8
23.d5 cxd5
24.Qc4xd5 Bf5xh3
25.Kh2 Rg8xg2
26.Kxh3 Rg2g3
27.Kh2 Qe7h4
{ resign }
0-1

[Event "Tourn. n9693"]
[Site "www.chess-mail.com"]
[Date "2018.03.15"]
[Round "1"]
[White "Bojan"]
[Black "Sahlapalat"]
[WhiteElo "1970"]
[BlackElo "2060"]
[Result "0-1"]
[Round "1"]
1.e4 c5
2.Ng1f3 d6
3.d4 cxd4
4.Nf3xd4 Ng8f6
5.Bf1d3 g6
6.c3 Bf8g7
7.h3 O-O
8.Bc1e3 Nb8c6
9.Nb1d2 a6
10.f4 e6
11.g4 Qd8c7
12.g5 Nf6d7
13.Nd2f3 e5
14.Nd4e2 exf4
15.Be3xf4 Nd7e5
16.Ne2g3 Qc7e7
17.Kf2 b5
18.b3 Ne5xd3
19.Qd1xd3 Nc6e5
20.Qd3d5 Bc8e6
21.Qd5d2 Ra8c8
22.Ra1c1 Rf8d8
23.Nf3d4 Qe7a7
24.Kg2 d5
25.Nd4xe6 fxe6
26.Bf4e3 Qa7b7
27.Be3d4 dxe4
28.Qd2e3 Rd8f8
29.Rh1f1 Rf8f3
30.Qe3xe4 Rf3xg3
31.Kxg3 Qb7xe4
32.Rf1e1 Qe4f3
33.Kh4 Qf3f4
{ resign }
0-1

[Event "Match"]
[Site "www.echecsemail.com"]
[Date "2018.03.15"]
[Round "1"]
[White "Fegatux"]
[Black "Chapi"]
[WhiteElo "2099"]
[BlackElo "2110"]
[Result "1-0"]
[Round "1"]
1.d4 d5
2.c4 g6
3.Nb1c3 c6
4.Ng1f3 Bf8g7
5.Bc1g5 Ng8f6
6.e3 O-O
7.Bf1e2 Bc8f5
8.O-O Nb8d7
9.Qd1b3 Nd7b6
10.c5 Nb6c4
11.Be2xc4 dxc4
12.Qb3xc4 Bf5e6
13.Qc4e2 b5
14.b3 Qd8a5
15.Rf1c1 h6
16.Bg5h4 g5
17.Bh4g3 Nf6d5
18.Nc3xd5 Be6xd5
19.Bg3e5 f6
20.Be5g3 Ra8e8
21.Nf3e1 e5
22.dxe5 fxe5
23.e4 Bd5f7
24.Ne1d3 Qa5d8
25.Rc1d1 Qd8e7
26.Ra1c1 Bf7g6
27.Nd3b4 Rf8f6
28.f3 a5
29.Nb4d3 Rf6f7
30.a4 Qe7a7
31.axb5 cxb5
32.Bg3f2 Rf7f6
33.c6 Qa7c7
34.Nd3c5 Rf6xc6
35.Qe2xb5 Bg7f8
36.Rc1c3 Re8c8
37.Rd1c1 Bg6f7
38.b4 axb4
39.Qb5xb4 h5
40.Qb4b5 g4
41.fxg4 hxg4
42.Nc5a4 Bf8a3
43.Rc3xc6 { resign }
1-0

[Event "Match"]
[Site "www.echecsemail.com"]
[Date "2018.03.15"]
[Round "1"]
[White "Muderfuger"]
[Black "Caspito"]
[WhiteElo "1590"]
[BlackElo "1950"]
[Result "0-1"]
[Round "1"]
1.e4 e5
2.Ng1f3 Nb8c6
3.c3 Ng8f6
4.Bf1c4 Bf8c5
5.Nf3g5 O-O
6.a3 d6
7.b4 Bc5xf2
8.Kxf2 Nf6g4
9.Kg3 Qd8xg5
10.Qd1xg4 Qg5xg4
11.Kf2 Qg4xe4
12.d3 Qe4f5
13.Ke1 Bc8e6
14.Bc4xe6 fxe6
15.b5 Qf5f2
 { time }
0-1

[Event "Match"]
[Site "www.echecsemail.com"]
[Date "2018.03.15"]
[Round "1"]
[White "Aiko1603"]
[Black "Fegatux"]
[WhiteElo "2160"]
[BlackElo "2099"]
[Result "0-1"]
[Round "1"]
1.c4 e5
2.Nb1c3 d6
3.g3 f5
4.Bf1g2 Ng8f6
5.d3 Bf8e7
6.Ng1f3 O-O
7.O-O c6
8.Bc1g5 h6
9.Bg5xf6 Be7xf6
10.e3 Bc8e6
11.Nf3d2 Nb8d7
12.f4 exf4
13.Rf1xf4 Qd8b6
14.d4 Qb6xb2
15.Nc3a4 Qb2a3
16.Rf4f3 b5
17.Nd2b1 Qa3xa4
{ resign }
0-1

[Event "Match"]
[Site "www.echecsemail.com"]
[Date "2018.03.15"]
[Round "1"]
[White "Gidi5"]
[Black "Gimmyg"]
[WhiteElo "2260"]
[BlackElo "2540"]
[Result "1/2-1/2"]
[Round "1"]
1.e4 e6
2.d4 b6
3.Ng1f3 Bc8b7
4.Bf1d3 d6
5.O-O Nb8d7
6.Rf1e1 g6
7.Bc1g5 Ng8e7
8.Nb1c3 h6
9.Bg5e3 Bf8g7
10.Nc3e2 c5
11.c3 c4
12.Bd3c2 O-O
13.Qd1d2 Nd7f6
14.Ne2g3 Nf6g4
15.Be3f4 e5
16.Bf4e3 Qd8c7
17.d5 f5
18.h3 Ng4xe3
19.fxe3 Qc7c5
20.Ra1d1 f4
21.Ng3f1 g5
22.Kh1 a5
23.exf4 gxf4
24.Qd2e2 a4
25.Nf3d2 { draw }
1/2-1/2

[Event "Match"]
[Site "www.echecsemail.com"]
[Date "2018.03.15"]
[Round "1"]
[White "Sefj"]
[Black "Dussek"]
[WhiteElo "1809"]
[BlackElo "1720"]
[Result "1-0"]
[Round "1"]
1.e4 e6
2.c3 Nb8c6
3.d4 Bf8e7
4.g3 d5
5.e5 Nc6a5
6.Qd1a4 Na5c6
7.Bf1d3 Bc8d7
8.Qa4c2 g6
9.Bc1e3 Be7f8
10.f4 Bf8g7
11.Ng1f3 Ng8h6
12.h3 Nh6f5
13.Be3f2 Qd8e7
14.g4 Nf5h6
15.Nb1d2 a6
16.Bf2h4 Qe7f8
17.Nd2b3 f6
18.Rh1f1 Nh6g8
19.Nb3c5 O-O-O
20.Nc5xa6 b6
21.Bd3b5 Ng8e7
22.Qc2a4 Kb7
23.c4 Rd8a8
24.cxd5 exd5
25.Ra1c1 Qf8c8
26.exf6 Bg7xf6
27.Bh4xf6 Rh8e8
28.Nf3e5 Ne7g8
29.Bf6g5 h6
30.Bg5h4 Ng8e7
31.Kd2 Nc6xe5
32.fxe5 Bd7xb5
33.Na6c5 Kb8
34.Qa4xb5 Ra8a5
35.Qb5b4 Ne7c6
36.Qb4b3 Nc6xd4
37.Qb3xd5 bxc5
38.Rc1xc5 Ra5xc5
39.Qd5xc5 Nd4e6
40.Qc5b5 Ka8
41.Rf1f3 Ne6d4
42.Rf3a3 { resign }
1-0

[Event "Match"]
[Site "www.echecsemail.com"]
[Date "2018.03.15"]
[Round "1"]
[White "Llord"]
[Black "Sefj"]
[WhiteElo "1980"]
[BlackElo "2279"]
[Result "0-1"]
[Round "1"]
1.e4 e5
2.Ng1f3 Nb8c6
3.Bf1c4 Ng8f6
4.Nb1c3 h6
5.O-O Bf8c5
6.d3 a6
7.a4 b6
8.Bc1e3 Bc5xe3
9.fxe3 d6
10.Nc3d5 Nf6h7
11.Nd5c3 Nh7g5
12.Bc4d5 Bc8d7
13.Nf3xg5 Qd8xg5
14.Bd5xf7 Ke7
15.Bf7d5 Qg5xe3
16.Kh1 Ra8f8
17.Rf1xf8 Rh8xf8
18.Bd5c4 Nc6b4
19.Bc4xa6 Qe3f2
20.Nc3d5 Nb4xd5
21.exd5 Bd7xa4
22.b3 Ba4d7
23.h3 Qf2g3
24.d4 Rf8f2
25.Qd1g1 e4
26.Ra1f1 Rf2xc2
27.Rf1e1 Bd7xh3
28.Ba6f1 Qg3xe1
{ resign }
0-1

[Event "Match"]
[Site "www.echecsemail.com"]
[Date "2018.03.15"]
[Round "1"]
[White "Muderfuger"]
[Black "Luke1302"]
[WhiteElo "1570"]
[BlackElo "1250"]
[Result "0-1"]
[Round "1"]
1.Ng1h3 e5
2.e4 d6
3.Nb1c3 b6
4.Bf1c4 Bc8b7
5.Qd1f3 Qd8e7
6.Nh3g5 Qe7xg5
7.Qf3xf7 Kd8
8.Bc4e6 Qg5f6
9.d3 Ng8h6
10.Qf7xf6 gxf6
11.O-O Bb7c8
12.Be6h3 Nb8c6
13.Nc3d5 Nh6g8
14.g4 Nc6d4
15.Bc1e3 Nd4f3
16.Kg2 Nf3h4
17.Kg3 Nh4g6
18.g5 c6
 { time }
0-1

[Event "Match"]
[Site "www.echecsemail.com"]
[Date "2018.03.15"]
[Round "1"]
[White "Sonny1000"]
[Black "Begory"]
[WhiteElo "1530"]
[BlackElo "1510"]
[Result "1-0"]
[Round "1"]
1.e4 e5
2.c3 Bf8c5
3.Qd1h5 Qd8f6
4.Qh5e2 d6
5.f3 Nb8c6
6.a4 Bc8e6
7.g3 O-O-O
8.a5 d5
9.Qe2b5 Bc5xg1
10.Rh1xg1 Qf6xf3
11.a6 Be6d7
12.axb7 Kb8
13.exd5 Nc6d4
14.Qb5d3 Qf3xd3
15.Bf1xd3  { time }
1-0

[Event "Match"]
[Site "www.echecsemail.com"]
[Date "2018.03.15"]
[Round "1"]
[White "Dussek"]
[Black "Satranckrali"]
[WhiteElo "1740"]
[BlackElo "1499"]
[Result "1-0"]
[Round "1"]
1.e4 e5
2.f4 d5
3.exd5 Qd8xd5
4.Nb1c3 Qd5d6
5.d3 exf4
6.Ng1f3 Ng8f6
7.Bf1e2 Bf8e7
8.O-O O-O
9.Kh1 Nb8c6
10.Nc3b5  { time }
1-0

[Event "Match"]
[Site "www.echecsemail.com"]
[Date "2018.03.15"]
[Round "1"]
[White "Iko"]
[Black "Fegatux"]
[WhiteElo "1640"]
[BlackElo "1499"]
[Result "0-1"]
[Round "1"]
1.e4 e6
2.e5 d5
3.d4 c5
4.Ng1f3 Nb8c6
5.Bf1b5 a6
6.Bb5xc6 bxc6
7.O-O cxd4
8.Nf3xd4 Qd8b6
9.Bc1e3 Qb6xb2
10.Nb1d2 Qb2b7
11.Ra1b1 Qb7c7
12.Be3f4 Ng8e7
13.Rb1b3 c5
14.Nd4f3 Ne7c6
15.Rf1e1 Bf8e7
16.Re1e3 c4
17.Rb3b1 O-O
18.c3 Be7c5
19.Re3e2 Bc8d7
20.Rb1b2 Rf8b8
21.Qd1b1 Bc5a3
22.Nf3g5 g6
23.Rb2xb8 Ra8xb8
24.Qb1c2 Rb8b2
25.Qc2a4 Qc7a5
26.Qa4xa5 Nc6xa5
27.g3 Rb2xa2
28.Kf1 Na5b3
29.Re2e1 Nb3xd2
30.Kg2 Nd2e4
31.Ng5xe4 dxe4
32.Re1xe4 Bd7c6
33.Kh3 Bc6xe4
34.Kg4 Ra2xf2
35.Bf4e3 Be4f5
36.Kg5 Ba3e7
37.Kh6 Rf2xh2

0-1

[Event "Match"]
[Site "www.echecsemail.com"]
[Date "2018.03.15"]
[Round "1"]
[White "Apdash"]
[Black "Ericleo1980"]
[WhiteElo "2310"]
[BlackElo "2210"]
[Result "1/2-1/2"]
[Round "1"]
1.e4 c5
2.Ng1f3 d6
3.d4 cxd4
4.Nf3xd4 Ng8f6
5.Nb1c3 a6
6.Bf1e2 e6
7.Bc1e3 Nb8d7
8.O-O b5
9.a3 Bc8b7
10.f3 d5
11.exd5 Nf6xd5
12.Nc3xd5 Bb7xd5
13.f4 Bf8c5
14.Be2f3 Nd7f6
15.c3 O-O
16.Rf1e1 Ra8c8
17.Qd1e2 Qd8d7
18.Ra1d1 Qd7b7
19.Kh1 Rf8d8
20.Bf3xd5 Nf6xd5
21.Qe2f3 Qb7c7
22.g3 Nd5xe3
23.Re1xe3 Bc5xd4
24.cxd4 Rd8d5
25.Re3c3 Qc7d7
26.Qf3e3 Rc8d8
27.Rc3d3 Qd7c6
28.Kg1 Qc6c2
29.Rd3d2 Qc2c6
30.Qe3e4 Rd8c8
31.Rd1e1 g6
32.h4 Kg7
33.Kh2 Qc6c4
34.Re1e3 Qc4f1
35.Qe4g2 { draw }
1/2-1/2

[Event "Match"]
[Site "www.echecsemail.com"]
[Date "2018.03.15"]
[Round "1"]
[White "Mdesouza"]
[Black "Sefj"]
[WhiteElo "2340"]
[BlackElo "1809"]
[Result "0-1"]
[Round "1"]
1.e4 g5
2.d4 e6
3.Bc1e3 Bf8e7
4.Nb1c3 b6
5.Qd1d2 Bc8b7
6.Ng1f3 h6
7.O-O-O Ng8f6
8.Bf1d3 d6
9.Rh1e1 Bb7a6
10.e5 Nf6g4
11.d5 Ba6xd3
12.Qd2xd3 dxe5
 { time }
0-1

[Event "Match"]
[Site "www.echecsemail.com"]
[Date "2018.03.15"]
[Round "1"]
[White "Azocarwagner"]
[Black "Begory"]
[WhiteElo "1860"]
[BlackElo "1570"]
[Result "1-0"]
[Round "1"]
1.e4 e5
2.Ng1f3 Nb8c6
3.Bf1b5 Bf8c5
4.Bb5xc6 dxc6
5.Nb1c3 Ng8f6
6.Nf3xe5 Bc5d4
7.Qd1f3 Bd4xe5
8.O-O O-O
9.Rf1e1 Be5xc3
10.dxc3 Bc8g4
11.Qf3e3 Rf8e8
12.f3 Bg4e6
13.b3 Re8e7
14.Bc1b2 Be6d5
15.c4 Bd5e6
16.Ra1d1 Re7d7
17.Bb2xf6 Qd8xf6
18.e5 Qf6g6
19.Qe3e2 Rd7xd1
20.Re1xd1 Ra8e8
21.Qe2d2 h6
22.g4 h5
23.Qd2g2 hxg4
24.a4 gxf3
25.Qg2xg6 fxg6
26.Kf2 Re8e7
27.Kxf3 Be6f5
28.Kf4 Bf5xc2
29.Rd1d8 Kh7
30.Rd8a8 a6
31.b4 Bc2xa4
32.Ra8b8 b5
33.c5 Re7d7
34.Ke4 Ba4c2
35.Ke3 Rd7e7
36.Kf4 g5
37.Kxg5 Re7xe5
38.Kh4 Re5e4
39.Kg5 Re4xb4
40.h4 a5
41.Rb8c8 Rb4c4
42.Rc8xc7  { time }
1-0